000 01144cam a22002175a 4500
001 E141819
008 071221s2007 stk f 000 0 eng d
020 _a9781904320067
035 _a(Sirsi) u141819
041 0 _aeng
110 2 _aScottish Building Standards Agency
_94655
245 0 2 _aA low carbon building standards strategy for Scotland
_breport of a panel appointed by Scottish Ministers chaired by Lynne Sullivan
_h[electronic resource]
260 _aEdinburgh
_bSBSA
_c2007
520 _aMakes 56 recommendations for the Scottish Government, the majority of which are within the remit of the Scottish Building Standards Agency. The panel was appointed by MSP Stewart Stevenson to advise on the development of a low carbon building standards strategy to increase energy efficiency and reduce carbon emissions.
521 _aAdvanced
651 4 _aScotland
_y1999-
690 _aENVIRONMENTAL AND LAND CONSULTANCY-SUSTAINABILITY-SUSTAINABLE DEVELOPMENT
700 1 _aSullivan, Lynne
856 4 1 _uhttps://www.scotland.gov.uk/Resource/Doc/217736/0092637.pdf
_zView the item free of charge at www.www.scotland.gov.uk
942 _n0
999 _c107777
_d107777